000 00959cim a22002893a 4500
001 2939
005 20260317133540.0
020 _a9780439773751
040 _aDLC
_cDLC
_beng
050 0 0 _aPZ73.O663
082 _a398.2
100 _aOrihuela, Luz
245 0 0 _aCaperucita roja little red riding hood
_cby Orihuela, Luz
250 _aFirst Scholastic bilingual printing , September 2005
260 _aNew York :
_bScholastic ,
_c2004
300 _a22 unnumbered pages :
_bcolor illustrations ;
_c21 cm .
500 _aStories for children, recited first in Spanish and then in English.
500 _aRecordable compact disc.
500 _aBrief record.
505 _aI
520 _aRetells the fairy tale of Little Red Riding Hood in Spanish and English.
521 _a430
_bLexile
521 _aI
_bRaz-Plus
650 0 _aBilingual Spanish
_vfolktales
906 _a7
_bcbc
_corignew
_d3
_encip
_f20
_gy-soundrec
942 _2ddc
_cBK
_n0
999 _c2939
_d2939